000 01035nam a2200265 a 4500
001 53873
003 BD-RjUL
005 20211209080032.0
008 161027s1978 ii ||||| |||| 00| 0 ben d
020 _c: IRs 40.00
035 _a(BD-RjUL 53995
040 _aBD-RjUL
_bben
_cBD-RjUL
041 _aben
082 _223
_a891.44092
_bGHB 1978
100 _aঘোষ, প্রণবরঞ্জন
_9160491
245 1 0 _aবিবেকানন্দ ও বাংলাসাহিত্য /
_cপ্রণবরঞ্জন ঘোষ
250 _aপরি. ৩য় সং.
260 _aকলিকাতা :
_bকরুণা প্রকাশনী,
_c১৯৭৮ [১৩৮৫]
300 _a[১৬], ৫৪৮ পৃ. ;
_c২১ সেমি.
600 _aবিবেকানন্দ, স্বামী
_xজীবনী
_9160492
600 _aBibekanando, Shami,
_xBiography
_9160493
650 _aBengali Writer
_9160494
650 _aবাংলা লেখক
_9135145
942 _2ddc
_cBK
999 _c53873
_d53873